• 首页
  • 本馆介绍
  • 公告通知
  • 最新文献
  • 馆藏检索
  • 电子资源
  • 读者导购
  • 参考咨询
  • 我的图书馆
  • 登录
  • 详细信息显示
  • 放入我的书架
  • 预约/预借图书
  • 作者相关作品
  • 分类相关作品
  • 丛书相关作品
  • 出版社相关作品

书目信息

  • 表格格式
  • 工作单格式
  • 卡片格式
题名:
光波导原理与器件
    
 
作者: 宋贵才 , 全薇 编著
分册:  
出版信息: 北京   清华大学出版社  2016.11
页数: 15,224页
开本: 26cm
丛书名:
单 册:
中图分类: TN252
科图分类:
主题词: 光波导--波导理论--高等学校--教材 , 光导器件--波导器件--高等学校--教材
电子资源:
ISBN: 978-7-302-44719-1
000 01255nam0 2200301 450
001 0120162037534
005 20170418143208.87
010    @a978-7-302-44719-1@dCNY35.00
100    @a20161119d2016 em y0chiy50 ea
101 0  @achi
102    @aCN@b110000
105    @aak z 000yy
106    @ar
200 1  @a光波导原理与器件@9guang bo dao yuan li yu qi jian@dPrinciple and devices of optical waveguide@f宋贵才,全薇编著@zeng
205    @a2版
210    @a北京@c清华大学出版社@d2016.11
215    @a15,224页@c图@d26cm
300    @a教育部高等学校电子信息类专业教学指导委员会规划教材 高等学校电子信息类专业系列教材 光学工程
330    @a本书在介绍导波光学产生和发展概况之后,从光的电磁理论出发,系统、深入地阐述光在光波导中传播时发生的基本现象和遵循的基本规律,在此基础上,讲述光波导器件的原理、结构、制作技术和工艺流程。同时,也讲述了光波导器件的相关应用。
333    @a高校光电信息科学与工程等相关专业师生
510 1  @aPrinciple and devices of optical waveguide@zeng
606 0  @a光波导@x波导理论@x高等学校@j教材
606 0  @a光导器件@x波导器件@x高等学校@j教材
690    @aTN252@v5
701  0 @a宋贵才@9song gui cai@4编著
701  0 @a全薇@9quan wei@4编著
801  0 @aCN@b人天书店@c20161119
905    @b984726-29@dTN252@e96=2@f4
    
    光波导原理与器件=Principle and devices of optical waveguide/宋贵才,全薇编著.-2版.-北京:清华大学出版社,2016.11
    15,224页:图;26cm
    教育部高等学校电子信息类专业教学指导委员会规划教材 高等学校电子信息类专业系列教材 光学工程.-使用对象:高校光电信息科学与工程等相关专业师生
    
    ISBN 978-7-302-44719-1:CNY35.00
    本书在介绍导波光学产生和发展概况之后,从光的电磁理论出发,系统、深入地阐述光在光波导中传播时发生的基本现象和遵循的基本规律,在此基础上,讲述光波导器件的原理、结构、制作技术和工艺流程。同时,也讲述了光波导器件的相关应用。
●
相关链接 在E读中查询图书 在五车中查询图书 在当当中查询图书 在豆瓣中查询图书


正题名:光波导原理与器件     索取号:TN252/96=2         预约/预借

序号 登录号 条形码 馆藏地/架位号 状态 备注
1 984726   209847264   第二样本阅览室/ [索取号:TN252/96=2] 在馆    
2 984727   209847273   密集书库-物理学院/ [索取号:TN252/96=2] 在馆    
3 984728   209847282   第三借阅区/ [索取号:TN252/96=2] 在馆    
4 984729   209847291   第三借阅区/ [索取号:TN252/96=2] 在馆    
唐山师范学院图书馆 欢迎您!
大连网信软件有限公司© 版权所有